000 00342nam a2200133Ia 4500
008 230917s9999||||xx |||||||||||||| ||und||
040 _e108702
_aMAIN
041 _aEnglish
082 _a617.3 S1E
100 _aSingh, Raj
245 0 _aEvaluation of halo pelvic traction in correction of spinal deformities
300 _a94 p.
942 _cTH
999 _c89288
_d89288